Operation Research Theory and Applications (Record no. 3077)

MARC details
000 -LEADER
fixed length control field 00348nam a2200145Ia 4500
008 - FIXED-LENGTH DATA ELEMENTS--GENERAL INFORMATION
fixed length control field 191201s2009 xx 000 0 und d
082 ## - DEWEY DECIMAL CLASSIFICATION NUMBER
Classification number 658.4034
Item number SHO
100 ## - MAIN ENTRY--PERSONAL NAME
Personal name SHARMA, J K
245 #0 - TITLE STATEMENT
Title Operation Research Theory and Applications
250 ## - EDITION STATEMENT
Edition statement 3rd
260 ## - PUBLICATION, DISTRIBUTION, ETC. (IMPRINT)
Place of publication, distribution, etc N.Delhi
Name of publisher, distributor, etc Macmillan
Date of publication, distribution, etc 2009
300 ## - PHYSICAL DESCRIPTION
Extent 958
650 ## - SUBJECT ADDED ENTRY--TOPICAL TERM
Topical term or geographic name as entry element MBA
942 ## - ADDED ENTRY ELEMENTS (KOHA)
Source of classification or shelving scheme Dewey Decimal Classification
Koha item type Text Books
Holdings
Withdrawn status Lost status Source of classification or shelving scheme Damaged status Not for loan Collection code Home library Current library Date acquired Source of acquisition Cost, normal purchase price Bill Number Total Checkouts Full call number Acc. no. / Barcode Date last seen Bill Date Koha item type Checked out Date last borrowed
    Dewey Decimal Classification     MBA PIET C-LIBRARY PIET C-LIBRARY 22/08/2007 J B C, New Delhi 375.00 720   658.4034 SHO 7274 04/12/2019 30/07/2007 Text Books    
    Dewey Decimal Classification     MBA PIET C-LIBRARY PIET C-LIBRARY 22/08/2007 J B C, New Delhi 375.00 720 2 658.4034 SHO 7275 13/01/2024 30/07/2007 Text Books 11/07/2024 13/01/2024
    Dewey Decimal Classification     MBA PIET C-LIBRARY PIET C-LIBRARY 22/08/2007 J B C, New Delhi 375.00 720 2 658.4034 SHO 7276 12/04/2023 30/07/2007 Text Books   29/03/2023
    Dewey Decimal Classification     MBA PIET C-LIBRARY PIET C-LIBRARY 22/08/2007 J B C, New Delhi 375.00 720 3 658.4034 SHO 7277 23/04/2024 30/07/2007 Text Books   08/04/2024
    Dewey Decimal Classification     MBA PIET C-LIBRARY PIET C-LIBRARY 22/08/2007 J B C, New Delhi 375.00 720 3 658.4034 SHO 7278 28/03/2023 30/07/2007 Text Books   15/03/2023
    Dewey Decimal Classification     MBA PIET C-LIBRARY PIET C-LIBRARY 22/08/2007 J B C, New Delhi 375.00 720 2 658.4034 SHO 7279 14/02/2024 30/07/2007 Text Books   30/01/2024

Design & Developed by: PIET Central Library
R70 Miles Stone Pattikalyana Samalkha Panipat 132102
mail ID :- [email protected], Phone No:- 0180-2569700 Ex.216